Statistics for SAT Words HARD Click Quiz - S #23 - Daily Word Quiz!

Click here to take the quiz!

General Stats

  • This quiz has been taken 48 times
  • The average score is 12 of 16

Answer Stats

HintAnswer% Correct
An Islamic title denoting noble lineageSayyid
94%
Crude, makeshift dwelling or shelterShanty
92%
Slender, sharply pointed daggerStiletto
92%
Triangular pastry filled with meat or vegetablesSamosa
89%
Profoundly, earth-shatteringly impactful; utterly transformativeSeismic
89%
Woman characterized by a delicate and ethereal appearance; or, a mythological female spiritSylph
89%
Feeling of doubt or hesitation arising from moral considerationsScruple
86%
Process of designating a replacement or alternate representative; substitutionSurrogation
86%
Exhibit intense desire or craving for a particular object or experienceSalivate
83%
Strip of leather or fabric used to sharpen razors or bladesStrop
69%
Existing on or relating to the earth; worldly, not celestialSublunary
69%
Hydrate, quench one's thirst; treat a person or object with waterSlake
64%
A grammatical error; or, an embarrassing breach of social etiquetteSolecism
58%
Flood, freshet; sudden and unusually large or heavy outpouringSpate
56%
Relating to regulations that limit extravagant spending or personal indulgenceSumptuary
50%
Couch, sofa; cushioned seat found in carriagesSquab
39%

Score Distribution

Percentile by Number Answered

Percent of People with Each Score

Your Score History

You have not taken this quiz